000 01084pam a2200301 a 4500
999 _c20378
_d20378
001 4870241
003 OSt
005 20210222104734.0
008 921020s1993 dcu b 001 0 eng
010 _a 92035352
020 _a1557981825
040 _aMMU
_cMMU
_dMMU
_beng
050 0 0 _aKF8965
_b.P66 1993
100 1 _aPope, Kenneth S.
245 1 4 _aThe MMPI, MMPI-2 & MMPI-A in court :
_ba practical guide for expert witnesses and attorneys /
_cKenneth S. Pope, James N. Butcher, Joyce Seelen.
250 _a1st ed.
260 _aWashington, DC :
_bAmerican Psychological Association,
_cc1993.
300 _axvi, 400 p. ;
_c29 cm.
500 _aIncludes bibliographical references (p. 363-386) and index.
650 0 _aForensic psychology.
650 0 _aEvidence, Expert
_zUnited States.
650 0 _aPsychological tests
_xLaw and legislation
_zUnited States.
650 0 _aMinnesota Multiphasic Personality Inventory.
700 1 _aButcher, James Neal,
_d1933-
700 1 _aSeelen, Joyce.
740 0 _aMMPI, MMPI-2, and MMPI-A in court.
942 _2lcc
_cLOAN LOAN